[Event "Wch Seniors 12th"]
[Site "Naumburg"]
[Date "2002.10.28"]
[Round "6"]
[White "Kunath, Werner"]
[Black "Suchsland, Helmut"]
[Result "1-0"]
[WhiteElo "2122"]
[BlackElo "1786"]
[PlyCount "111"]
[EventDate "2002.10.21"]
[EventType "swiss"]
[EventRounds "11"]
[EventCountry "GER"]
[SourceTitle "EXT 2006"]
[Source "ChessBase"]
[SourceDate "2005.11.24"]
[SourceVersion "1"]
[SourceVersionDate "2005.11.24"]
[SourceQuality "1"]

1. d4 d5 2. c4 e6 3. Nc3 Nf6 4. Nf3 c5 5. cxd5 exd5 6. Bg5 Nc6 7. e3 Be7 8. Bb5 0-0 9. Bxf6 Bxf6 10. dxc5 Qa5 11. Qb3 a6 12. Be2 Qxc5 13. 0-0 Rd8 14. Rac1 Na5 15. Qc2 Qe7 16. Rfd1 Be6 17. Nd4 Rac8 18. Bf3 Nc4 19. Qe2 Rc7 20. Nxe6 fxe6 21. b3 Nd6 22. Qd3 Nf7 23. Nb1 Ne5 24. Qe2 Re8 25. Rxc7 Qxc7 26. Bg4 Nxg4 27. Qxg4 Kf7 28. Nd2 e5 29. Ne4 Qc6 30. Ng5+ Bxg5 31. Qxg5 g6 32. Qxe5 Rd8 33. h3 Qe6 34. Qf4+ Kg8 35. e4 d4 36. Qc7 Rd7 37. Qc8+ Kf7 38. f4 Qd6 39. e5 Qd5 40. Qh8 d3 41. Qxh7+ Kf8 42. Qh8+ Kf7 43. Qf6+ Kg8 44. Qxg6+ Rg7 45. Qe8+ Kh7 46. Rd2 Qd4+ 47. Kh1 Qxf4 48. Qh5+ Kg8 49. Qd1 Qe4 50. e6 Rg3 51. Kg1 Qxe6 52. Rxd3 Qxh3 53. Rd8+ Kh7 54. Rd7+ Kh6 55. Qd6+ Rg6 56. Qxg6+ 1-0